Anda berkuasa apabila...?

Bibliographic Details
Main Author: Mohd. Fadzilah Haji Kamsah
Corporate Author: Title
Other Authors: Md Yadi Said
Format: Book
Published: Pahang : PTS Millennia , 2005
Series:Siri pembangunan diri
Subjects:

MARC

LEADER 00000cam a2200000 7i4500
001 0000012063
005 20071126.0
008 071126
020 |a 9833372112 
090 0 0 |a 302.3   |b MOH 
100 0 |a Mohd. Fadzilah Haji Kamsah 
245 1 0 |a Anda berkuasa apabila...?   |c Mohd. Fadzilah Haji Kamsah, Md Yadi Said 
260 |a Pahang :   |b PTS Millennia ,   |c 2005 
440 |a Siri pembangunan diri 
650 0 |a Communication in organization 
650 0 |a Leadership 
650 0 |a Malay fiction 
650 0 |a Power (Social sciences) 
700 0 |a Md Yadi Said 
710 0 |a Title 
999 |a 0000921978   |b Book   |c Adult Collection   |e Cawangan Bukit Gambir 
999 |a 0000921979   |b Book   |c Adult Collection   |e Cawangan Bukit Gambir 
999 |a 0000933248   |b Book   |c Adult Collection   |e Cawangan Tangkak 
999 |a 0000933249   |b Book   |c Adult Collection   |e Cawangan Tangkak 
999 |a 0000933250   |b Book   |c Adult Collection   |e Cawangan Tangkak 
999 |a 0000936609   |b Book   |c Adult Collection   |e Cawangan Bandar Tenggara 
999 |a 0000939803   |b Book   |c Adult Collection   |e Cawangan Taman Sri Lambak 
999 |a 0001004195   |b Book   |c Adult Collection   |e Cawangan Tmn. Ungku Tun Aminah 
999 |a 0001004196   |b Book   |c Adult Collection   |e Perbadanan Perpustakaan Awam Johor 
999 |a 0001004197   |b Book   |c Adult Collection   |e Perbadanan Perpustakaan Awam Johor 
999 |a 0001004198   |b Book   |c Adult Collection   |e Cawangan Mersing 
999 |a 0001004199   |b Book   |c Adult Collection   |e Cawangan Segamat